000 01252cpcaa2200301 a 4500
001 mm 79001969
003 DLC
005 20260227111640.0
008 800102|||||||||||| eng
010 _amm 79001969
040 _aDLC
_cDLC
_dDLC
_edacs
072 7 _aW
_2lcmd
100 1 _aTownsend, Martin I.
_q(Martin Ingham),
_d1810-1903.
245 0 0 _aMartin I. Townsend correspondence,
_f1876 December 13.
300 _a1
_fitem.
506 0 _aOpen to research.
520 8 _aALS written by Townsend to his grandson mentioning the presidential election of 1876 and a walk through Washington, D.C., with Rutherford Birchard Hayes.
545 0 _aLawyer and U.S. representative from New York.
546 _aCollection material in English.
580 _aForms part of: Miscellaneous Manuscripts collection.
600 1 0 _aHayes, Rutherford Birchard,
_d1822-1893.
650 0 _aPresidents
_zUnited States
_xElection
_y1876.
651 0 _aWashington (D.C.)
_xDescription and travel.
656 7 _aLawyers.
_2itoamc
656 7 _aRepresentatives, U.S. Congress
_zNew York (State)
_2itoamc
999 _c41064
_d41064